Country Logic Puzzle by Scambigol #41 - Statistics

General Stats
  • This quiz has been taken 113 times
  • The average score is 63 of 156
Answers on the Map
Answers color-coded by a green-red scale on the quiz's map according to % correct below.
 
Answer Stats
Country % Correct
Canada
62%
Laos
62%
Myanmar
62%
Brazil
59%
Brunei
59%
Denmark
59%
Germany
59%
Guatemala
59%
Honduras
59%
Malaysia
59%
Mexico
59%
Spain
59%
Thailand
59%
United States
59%
Austria
56%
Belize
56%
Cambodia
56%
China
56%
Colombia
56%
El Salvador
56%
France
56%
Hungary
56%
India
56%
Italy
56%
Liechtenstein
56%
Nepal
56%
Panama
56%
Russia
56%
Switzerland
56%
Albania
53%
Andorra
53%
Argentina
53%
Armenia
53%
Azerbaijan
53%
Belarus
53%
Bhutan
53%
Bolivia
53%
Bosnia and Herzegovina
53%
Bulgaria
53%
Chile
53%
Costa Rica
53%
Croatia
53%
Czech Republic
53%
Georgia
53%
Greece
53%
Iran
53%
Iraq
53%
Kazakhstan
53%
Kosovo
53%
Kyrgyzstan
53%
Lithuania
53%
Montenegro
53%
Nicaragua
53%
North Macedonia
53%
Pakistan
53%
Paraguay
53%
Peru
53%
Poland
53%
Romania
53%
Serbia
53%
Slovakia
53%
Slovenia
53%
Turkey
53%
Ukraine
53%
Uruguay
53%
Vietnam
53%
Afghanistan
50%
Ecuador
50%
Estonia
50%
Finland
50%
Guyana
50%
Latvia
50%
Moldova
50%
Mongolia
50%
North Korea
50%
Norway
50%
San Marino
50%
South Korea
50%
Suriname
50%
Sweden
50%
Venezuela
50%
Ireland
44%
United Kingdom
44%
Vatican City
44%
Portugal
41%
Algeria
38%
Bangladesh
38%
Belgium
38%
Libya
38%
Luxembourg
38%
Morocco
38%
Netherlands
35%
Tajikistan
35%
Tunisia
35%
Egypt
32%
Israel
32%
Monaco
32%
Angola
26%
Benin
26%
Burkina Faso
26%
DR Congo
26%
Ethiopia
26%
Gambia
26%
Guinea
26%
Guinea-Bissau
26%
Ivory Coast
26%
Jordan
26%
Liberia
26%
Mali
26%
Mauritania
26%
Namibia
26%
Niger
26%
Nigeria
26%
Oman
26%
Qatar
26%
Saudi Arabia
26%
Senegal
26%
Sierra Leone
26%
United Arab Emirates
26%
Yemen
26%
Zambia
26%
Botswana
24%
Burundi
24%
Cameroon
24%
Central African Republic
24%
Chad
24%
East Timor
24%
Indonesia
24%
Kenya
24%
Kuwait
24%
Lesotho
24%
Mozambique
24%
Papua New Guinea
24%
Rwanda
24%
Somalia
24%
South Africa
24%
Tanzania
24%
Uganda
24%
Djibouti
21%
Equatorial Guinea
21%
Eritrea
21%
Gabon
21%
Lebanon
21%
Republic of the Congo
21%
South Sudan
21%
Sudan
21%
Eswatini
18%
Malawi
18%
Syria
18%
Turkmenistan
18%
Uzbekistan
18%
Zimbabwe
18%
Dominican Republic
12%
Ghana
12%
Haiti
12%
Togo
12%
No matching quizzes found
Score Distribution
Percent of People with Each Score
Percentile by Number Answered
Your Score History
You have not taken this quiz